[Event "Istanbul op"]
[Site "Istanbul"]
[Date "2019.08.26"]
[Round "1"]
[White "Sevgi, Volkan"]
[Black "Oztekin, Kerem Can"]
[Result "1-0"]
[WhiteElo "2311"]
[BlackElo "1903"]
[PlyCount "41"]
[EventDate "2019.08.26"]
[EventType "swiss"]
[EventRounds "9"]
[EventCountry "TUR"]
[SourceTitle "EXT 2020"]
[Source "ChessBase"]
[SourceDate "2019.10.17"]
[SourceVersion "1"]
[SourceVersionDate "2019.10.17"]
[SourceQuality "1"]

1. e4 c5 2. Nc3 a6 3. g4 b5 4. Bg2 Bb7 5. d3 e6 6. Nh3 b4 7. Ne2 d5 8. Ng3 Nf6 9. g5 Nfd7 10. exd5 Be7 11. Nf4 e5 12. Nfh5 g6 13. Nf6+ Nxf6 14. gxf6 Bxf6 15. Ne4 0-0 16. c4 bxc3 17. bxc3 Bg7 18. c4 Qc7 19. Rb1 Nd7 20. d6 Qc8 21. Rxb7 1-0

[Event "TUR-chT 2nd League"]
[Site "Konya"]
[Date "2019.07.25"]
[Round "5.1"]
[White "Buke, Furkan"]
[Black "Oztekin, Kerem Can"]
[Result "1-0"]
[WhiteElo "1959"]
[BlackElo "1933"]
[PlyCount "105"]
[EventDate "2019.07.22"]
[EventType "team-swiss"]
[EventRounds "9"]
[EventCountry "TUR"]
[SourceTitle "CBM 191 Extra"]
[Source "ChessBase"]
[SourceDate "2019.09.30"]
[SourceVersion "1"]
[SourceVersionDate "2019.09.30"]
[SourceQuality "1"]
[WhiteTeam "Koroglu Dernegi"]
[BlackTeam "Mercan Egitim"]
[WhiteTeamCountry "TUR"]
[BlackTeamCountry "TUR"]

1. e4 c5 2. Nf3 g6 3. d4 cxd4 4. Nxd4 Bg7 5. Nc3 Nc6 6. Nde2 d6 7. g3 Nf6 8. Bg2 0-0 9. 0-0 Bd7 10. h3 Ne5 11. Nd4 Rc8 12. Nd5 Bc6 13. b3 b5 14. Bb2 e6 15. Nxf6+ Bxf6 16. f4 Nd7 17. Nxc6 Qb6+ 18. Nd4 e5 19. c3 b4 20. c4 exd4 21. Kh2 Rfe8 22. Qd2 Nc5 23. Rae1 a5 24. Qd1 Na6 25. Qf3 Rc7 26. Qf2 Nb8 27. e5 dxe5 28. Bxd4 exd4 29. Rxe8+ Kg7 30. Qf3 Nc6 31. Qd5 Ne7 32. Qa8 d3 33. Rb8 Qe3 34. Qe4 Qxe4 35. Bxe4 d2 36. Rd8 Bc3 37. Rd1 Nc6 38. R1xd2 Bxd2 39. Rxd2 a4 40. bxa4 Na5 41. Bd5 Kf6 42. Rb2 Re7 43. Kg2 Re3 44. Rxb4 Re2+ 45. Kf3 Rxa2 46. g4 Ra3+ 47. Ke4 h6 48. h4 Rg3 49. g5+ hxg5 50. hxg5+ Ke7 51. c5 f5+ 52. gxf6+ Kxf6 53. Rb5 1-0

[Event "TUR Cup"]
[Site "Antalya"]
[Date "2019.02.02"]
[Round "10"]
[White "Oztekin, Kerem Can"]
[Black "Yeke, Serkan"]
[Result "0-1"]
[WhiteElo "1940"]
[BlackElo "2117"]
[PlyCount "56"]
[EventDate "2019.01.27"]
[EventType "swiss"]
[EventRounds "11"]
[EventCountry "TUR"]
[SourceTitle "CBM 188 Extra"]
[Source "ChessBase"]
[SourceDate "2019.02.26"]
[SourceVersion "1"]
[SourceVersionDate "2019.02.26"]
[SourceQuality "1"]

1. c4 Nf6 2. Nc3 c5 3. g3 g6 4. Bg2 Bg7 5. Nf3 0-0 6. d4 Nc6 7. d5 Na5 8. Nd2 d6 9. 0-0 a6 10. a3 Nd7 11. Qc2 Ne5 12. b3 b5 13. cxb5 axb5 14. Bb2 Qb6 15. h3 Bf5 16. e4 Bd7 17. Kh2 b4 18. axb4 cxb4 19. Na4 Qb5 20. f4 Rfc8 21. Qb1 Nd3 22. Bxg7 Kxg7 23. Nb2 Nc5 24. Rf3 Qe2 25. Rxa5 Qxd2 26. Nc4 Qd4 27. Rxa8 Rxa8 28. Nb6 Ra1 0-1

[Event "TUR Cup"]
[Site "Antalya"]
[Date "2019.01.28"]
[Round "2"]
[White "Oztekin, Kerem Can"]
[Black "Eremkere, Mehmet Halil"]
[Result "0-1"]
[WhiteElo "1940"]
[BlackElo "1666"]
[PlyCount "67"]
[EventDate "2019.01.27"]
[EventType "swiss"]
[EventRounds "11"]
[EventCountry "TUR"]
[SourceTitle "CBM 188 Extra"]
[Source "ChessBase"]
[SourceDate "2019.02.26"]
[SourceVersion "1"]
[SourceVersionDate "2019.02.26"]
[SourceQuality "1"]

1. e4 g6 2. d4 Bg7 3. f4 d5 4. e5 c5 5. dxc5 Qa5+ 6. Nc3 e6 7. Be3 Nh6 8. Nf3 0-0 9. Qd2 Nc6 10. Nb5 Qd8 11. Be2 f6 12. exf6 Qxf6 13. Nbd4 Ng4 14. Bg1 Qxf4 15. Qxf4 Rxf4 16. 0-0-0 a6 17. h3 Nh6 18. Bh2 Rxd4 19. Nxd4 Nxd4 20. Bd3 e5 21. c3 Nc6 22. g4 Be6 23. Rhf1 d4 24. cxd4 exd4 25. a3 Nf7 26. b4 Nfe5 27. Be4 Nc4 28. Rde1 Bh6+ 29. Bf4 Bxf4+ 30. Rxf4 N6e5 31. Bb1 Rd8 32. Kd1 Ne3+ 33. Kd2 N5c4+ 34. Kd3 0-1

[Event "TUR Cup"]
[Site "Antalya"]
[Date "2019.01.27"]
[Round "1"]
[White "Nardemir, Ismail Berat"]
[Black "Oztekin, Kerem Can"]
[Result "0-1"]
[WhiteElo "1535"]
[BlackElo "1940"]
[PlyCount "72"]
[EventDate "2019.01.27"]
[EventType "swiss"]
[EventRounds "11"]
[EventCountry "TUR"]
[SourceTitle "CBM 188 Extra"]
[Source "ChessBase"]
[SourceDate "2019.02.26"]
[SourceVersion "1"]
[SourceVersionDate "2019.02.26"]
[SourceQuality "1"]

1. d4 Nf6 2. Nf3 c5 3. d5 e6 4. c4 exd5 5. cxd5 Bd6 6. Bg5 0-0 7. Nc3 Re8 8. e3 Bf8 9. Bd3 d6 10. h3 Nbd7 11. 0-0 a6 12. a4 Qc7 13. Qc2 g6 14. Nd2 Bg7 15. Nc4 Ne5 16. Bxf6 Bxf6 17. Ne4 Bg7 18. Nexd6 Rd8 19. Nxc8 Raxc8 20. d6 Qb8 21. Be4 Nxc4 22. Qxc4 b5 23. axb5 axb5 24. Qc2 Qxd6 25. Rfd1 Qe5 26. f4 Qxb2 27. Rxd8+ Rxd8 28. Qxb2 Bxb2 29. Rb1 Rd2 30. Kf1 c4 31. Bc6 c3 32. Ke1 c2 33. Ra1 c1Q+ 34. Rxc1 Bxc1 35. Bxb5 Rxg2 36. Kf1 Rb2 0-1

[Event "Istanbul op-A"]
[Site "Istanbul"]
[Date "2018.09.02"]
[Round "2"]
[White "Aliakbarov, Anar Samir Oglu"]
[Black "Oztekin, Kerem Can"]
[Result "1-0"]
[WhiteElo "2322"]
[BlackElo "1943"]
[PlyCount "107"]
[EventDate "2018.09.02"]
[EventType "swiss"]
[EventRounds "9"]
[EventCountry "TUR"]
[SourceTitle "CBM 186 Extra"]
[Source "ChessBase"]
[SourceDate "2018.08.24"]
[SourceVersion "1"]
[SourceVersionDate "2018.08.24"]
[SourceQuality "1"]

1. d4 Nf6 2. c4 c5 3. d5 e6 4. Nc3 exd5 5. cxd5 Bd6 6. Bg5 0-0 7. e3 Re8 8. Nf3 Bf8 9. Bd3 d6 10. Nd2 a6 11. a4 Nbd7 12. Nc4 Qc7 13. 0-0 Rb8 14. a5 g6 15. e4 Bg7 16. f4 h6 17. Bh4 b5 18. axb6 Nxb6 19. e5 Nxc4 20. Bxc4 dxe5 21. d6 Qd8 22. fxe5 Rxe5 23. d7 Bxd7 24. Rxa6 g5 25. Bg3 Rf5 26. Bxb8 Qxb8 27. Rxf5 Bxf5 28. Qf3 Qe5 29. Ra8+ Kh7 30. Bxf7 Ng4 31. Bg8+ Kg6 32. Qc6+ Nf6 33. Ra1 Bd7 34. Qa6 Qe3+ 35. Kh1 Kh5 36. Bf7+ Kh4 37. Qc4+ g4 38. Rf1 Bc6 39. Qf4 Qh3 40. Qf2+ g3 41. Qxg3+ Qxg3 42. hxg3+ Kxg3 43. Ne2+ Kh4 44. Rf4+ Kg5 45. Rc4 Nd7 46. Rc2 Be4 47. Rd2 Ne5 48. Bd5 Bg6 49. b3 Nd3 50. Bc4 Nf2+ 51. Kg1 Ne4 52. Rd5+ Kf6 53. Bd3 Ke6 54. Nf4+ 1-0

[Event "TUR-chT 2nd League"]
[Site "Konya"]
[Date "2018.07.19"]
[Round "6.4"]
[White "Oztekin, Kerem Can"]
[Black "Ancar, Furkan"]
[Result "1-0"]
[WhiteElo "1936"]
[BlackElo "1782"]
[PlyCount "83"]
[EventDate "2018.07.16"]
[EventType "team-swiss"]
[EventRounds "9"]
[EventCountry "TUR"]
[SourceTitle "EXT 2019"]
[Source "ChessBase"]
[SourceDate "2018.10.10"]
[SourceVersion "1"]
[SourceVersionDate "2018.10.10"]
[SourceQuality "1"]
[WhiteTeam "Kocaeli Buyuksehir Belediyesi"]
[BlackTeam "Mezopotamya"]
[WhiteTeamCountry "TUR"]
[BlackTeamCountry "TUR"]

1. e4 d6 2. d4 e5 3. Nf3 Nc6 4. Bb5 exd4 5. Qxd4 Bd7 6. Bxc6 bxc6 7. 0-0 Nf6 8. Bg5 Be7 9. e5 c5 10. Qh4 Nd5 11. exd6 cxd6 12. Bxe7 Qxe7 13. Re1 Be6 14. Qe4 Nc7 15. Nc3 0-0 16. Rad1 Rab8 17. b3 Qf6 18. Qe3 Bf5 19. Nd5 Nxd5 20. Rxd5 Bxc2 21. Qd2 Bg6 22. Rxd6 Qf5 23. Rd5 Qc8 24. Rc1 Rd8 25. h3 Be4 26. Rxd8+ Qxd8 27. Qxd8+ Rxd8 28. Rxc5 f6 29. Rc7 a5 30. Ra7 Rd5 31. Kh2 Bb1 32. a3 Bc2 33. b4 a4 34. Rc7 Be4 35. Ra7 Bc2 36. Rc7 Be4 37. Rc3 Rd1 38. Kg3 Bd5 39. Kf4 Rb1 40. Ke3 Kf7 41. Kd4 Ke6 42. Kc5 1-0

[Event "TUR Cup										"]
[Site "Antalya"]
[Date "2018.01.30"]
[Round "5"]
[White "Aydogdu, Selcan Ayberk"]
[Black "Oztekin, Kerem Can"]
[Result "0-1"]
[WhiteElo "1557"]
[BlackElo "1915"]
[PlyCount "116"]
[EventDate "2018.01.27"]
[EventType "swiss"]
[EventRounds "11"]
[EventCountry "TUR"]
[SourceTitle "CBM 182 Extra"]
[Source "ChessBase"]
[SourceDate "2018.02.23"]
[SourceVersion "1"]
[SourceVersionDate "2018.02.23"]
[SourceQuality "1"]

1. d4 Nf6 2. c4 c5 3. d5 e6 4. Nc3 exd5 5. cxd5 Bd6 6. Nf3 0-0 7. e3 Re8 8. Bd3 Bc7 9. 0-0 d6 10. h3 a6 11. a4 Nbd7 12. Nd2 Rb8 13. e4 Ne5 14. Be2 Bd7 15. Qc2 b5 16. axb5 axb5 17. f4 Ng6 18. b3 Qe7 19. Bd3 Nh5 20. Ndb1 Qh4 21. g4 Nhxf4 22. Rxf4 Qg3+ 23. Qg2 Qxd3 24. Rf3 Qd4+ 25. Be3 Qe5 26. Qf2 Re7 27. Ra7 Bb6 28. Ra2 b4 29. Na4 Bxa4 30. Rxa4 Qxe4 31. Nc3 Qe5 32. Na2 Qxd5 33. Nxb4 Qxb3 34. Nc6 Qxa4 35. Nxb8 Qa8 36. Bg5 Ra7 37. Qe2 Qxb8 38. Kg2 Qa8 39. Kg3 h6 40. Re3 Kh7 41. Re8 Qd5 42. h4 hxg5 43. hxg5 Ra3+ 44. Re3 Rxe3+ 45. Qxe3 Qe5+ 46. Qxe5 Nxe5 47. Kf2 d5 48. Ke2 c4 49. Kd2 d4 50. g6+ Kxg6 51. Kd1 Kg5 52. Kc1 Kf4 53. Kd1 d3 54. Kc1 c3 55. Kd1 Be3 56. Ke1 c2 57. Kf1 Kg3 58. g5 c1R# 0-1

[Event "TUR Cup										"]
[Site "Antalya"]
[Date "2018.01.27"]
[Round "1"]
[White "Balci, Mesut Taner"]
[Black "Oztekin, Kerem Can"]
[Result "0-1"]
[WhiteElo "1344"]
[BlackElo "1915"]
[PlyCount "56"]
[EventDate "2018.01.27"]
[EventType "swiss"]
[EventRounds "11"]
[EventCountry "TUR"]
[SourceTitle "CBM 182 Extra"]
[Source "ChessBase"]
[SourceDate "2018.02.23"]
[SourceVersion "1"]
[SourceVersionDate "2018.02.23"]
[SourceQuality "1"]

1. e4 c5 2. Nf3 g6 3. d4 cxd4 4. Nxd4 Bg7 5. Nc3 Nc6 6. Be3 Nf6 7. f3 0-0 8. Bc4 Qb6 9. Qd2 Qxb2 10. Rb1 Qa3 11. Ndb5 Qa5 12. Rb3 Qd8 13. Nd5 Nxd5 14. Bxd5 a6 15. Na3 b5 16. Rd3 Bb7 17. 0-0 d6 18. Rb1 Rb8 19. Rdb3 Na5 20. Rd3 Qc7 21. Qf2 Bxd5 22. Rxd5 b4 23. Ba7 Rb7 24. Rxa5 Qxa5 25. Nc4 Qc7 26. Nb6 Rxa7 27. Nd5 Qc5 28. Rxb4 e6 0-1

[Event "TUR-chT 1st League"]
[Site "Konya"]
[Date "2017.07.20"]
[Round "5.11"]
[White "Oztekin, Kerem Can"]
[Black "Civi, Akin"]
[Result "1-0"]
[WhiteElo "1970"]
[BlackElo "1637"]
[PlyCount "47"]
[EventDate "2017.07.17"]
[EventType "team-swiss"]
[EventRounds "9"]
[EventCountry "TUR"]
[SourceTitle "CBM 179 Extra"]
[Source "ChessBase"]
[SourceDate "2017.08.23"]
[SourceVersion "1"]
[SourceVersionDate "2017.08.23"]
[SourceQuality "1"]
[WhiteTeam "Kocaeli Buyuksehir"]
[BlackTeam "Hatay Samandag"]
[WhiteTeamCountry "TUR"]
[BlackTeamCountry "TUR"]

1. e4 d5 2. exd5 Nf6 3. c4 e6 4. dxe6 Bxe6 5. d3 Bc5 6. Nf3 Nc6 7. Be2 Qe7 8. 0-0 0-0-0 9. Bd2 Bf5 10. Bc3 Bd4 11. Nh4 Be6 12. Nd2 Rhe8 13. Bf3 Bxc3 14. bxc3 Rxd3 15. Bxc6 bxc6 16. Nhf3 Qc5 17. Qa4 Rxc3 18. Rfd1 Ra3 19. Qc2 Bf5 20. Qb2 Re2 21. Nd4 Qe5 22. Qxa3 Qxd4 23. Qa6+ Kd8 24. Nf3 1-0

[Event "TUR-chT 1st League"]
[Site "Konya"]
[Date "2017.07.19"]
[Round "4.11"]
[White "Bulgurlu, Okan"]
[Black "Oztekin, Kerem Can"]
[Result "1/2-1/2"]
[WhiteElo "1965"]
[BlackElo "1970"]
[PlyCount "40"]
[EventDate "2017.07.17"]
[EventType "team-swiss"]
[EventRounds "9"]
[EventCountry "TUR"]
[SourceTitle "CBM 179 Extra"]
[Source "ChessBase"]
[SourceDate "2017.08.23"]
[SourceVersion "1"]
[SourceVersionDate "2017.08.23"]
[SourceQuality "1"]
[WhiteTeam "Pamukkale Universiteli"]
[BlackTeam "Kocaeli Buyuksehir"]
[WhiteTeamCountry "TUR"]
[BlackTeamCountry "TUR"]

1. e4 c5 2. Nf3 Nc6 3. d4 cxd4 4. Nxd4 Nf6 5. Nc3 d6 6. Be2 e5 7. Nb3 Be6 8. Bg5 Be7 9. 0-0 0-0 10. Qd2 h6 11. Bxf6 Bxf6 12. Rad1 Be7 13. Nd5 Bg5 14. Qd3 f5 15. f4 exf4 16. Nxf4 Qb6+ 17. Kh1 Ne5 18. Qxd6 Qxd6 19. Rxd6 Bxb3 20. axb3 fxe4 1/2-1/2

[Event "TUR-chT 1st League"]
[Site "Konya"]
[Date "2017.07.18"]
[Round "3.11"]
[White "Oztekin, Kerem Can"]
[Black "Tepe, Efe Can"]
[Result "1/2-1/2"]
[WhiteElo "1970"]
[BlackElo "2036"]
[PlyCount "98"]
[EventDate "2017.07.17"]
[EventType "team-swiss"]
[EventRounds "9"]
[EventCountry "TUR"]
[SourceTitle "CBM 179 Extra"]
[Source "ChessBase"]
[SourceDate "2017.08.23"]
[SourceVersion "1"]
[SourceVersionDate "2017.08.23"]
[SourceQuality "1"]
[WhiteTeam "Kocaeli Buyuksehir"]
[BlackTeam "Ankara Ego"]
[WhiteTeamCountry "TUR"]
[BlackTeamCountry "TUR"]

1. e4 c5 2. Nf3 g6 3. d4 cxd4 4. Qxd4 Nf6 5. Nc3 Nc6 6. Qa4 d6 7. e5 Ng4 8. exd6 Bg7 9. h3 Nge5 10. Nxe5 Bxe5 11. dxe7 Qxe7 12. Be3 Be6 13. Bc4 Qb4 14. Qxb4 Nxb4 15. Bb5+ Bd7 16. Bxd7+ Kxd7 17. 0-0-0+ Kc6 18. Bd4 Bf4+ 19. Kb1 Rhe8 20. g3 Bd6 21. a3 Na6 22. Be3 Bxg3 23. Bxa7 Bf4 24. Bd4 Nc7 25. Rhe1 Ne6 26. Be3 Be5 27. Rd3 Nf4 28. Bxf4 Bxf4 29. Red1 f5 30. Rd7 h6 31. Ka2 g5 32. Kb3 h5 33. Kc4 Rac8 34. Kb4 Be5 35. Nb5 Kb6 36. a4 g4 37. hxg4 fxg4 38. c4 h4 39. c5+ Ka6 40. Nd6 Bxd6 41. R1xd6+ Ka7 42. Rb6 Rb8 43. Ka5 Ka8 44. c6 Re5+ 45. Rb5 Rxb5+ 46. axb5 bxc6 47. b6 Re8 48. Ka6 h3 49. Rh7 c5 1/2-1/2

[Event "Manavgat Turkey Cup"]
[Site "Manavgat"]
[Date "2015.02.05"]
[Round "8"]
[White "Sahin, Doga Boran"]
[Black "Oztekin, Kerem Can"]
[Result "1-0"]
[WhiteElo "1936"]
[BlackElo "1835"]
[PlyCount "95"]
[EventDate "2015.01.31"]
[EventType "swiss"]
[EventRounds "11"]
[EventCountry "TUR"]
[SourceTitle "CBM 164 Extra"]
[Source "ChessBase"]
[SourceDate "2015.03.02"]
[SourceVersion "1"]
[SourceVersionDate "2015.03.02"]
[SourceQuality "1"]

1. e4 c5 2. d3 Nc6 3. Nf3 d6 4. g3 g6 5. Bg2 Bg7 6. 0-0 Nf6 7. c3 0-0 8. Re1 e5 9. Nbd2 h6 10. a3 Be6 11. b4 b5 12. Bb2 a5 13. bxa5 Nd7 14. a4 Qxa5 15. axb5 Qxb5 16. Qc2 Rfb8 17. Rxa8 Rxa8 18. Ra1 Rb8 19. Bc1 Bb3 20. Nxb3 Qxb3 21. Qxb3 Rxb3 22. Bd2 Nb6 23. Kf1 c4 24. Ne1 cxd3 25. Nxd3 Nc4 26. Be1 N6a5 27. Bf3 Ra3 28. Rxa3 Nxa3 29. g4 Nb3 30. Nb4 Bf6 31. Bd1 Nc5 32. f3 Bg5 33. Ke2 Bf4 34. h3 Bc1 35. Nd3 Nxd3 36. Kxd3 Nb5 37. Kc4 Nc7 38. Bf2 Ba3 39. Be3 g5 40. Kb3 Bc5 41. Bxc5 dxc5 42. Kc4 Ne6 43. Kd5 Nf4+ 44. Kxc5 Kf8 45. Kd6 f6 46. c4 Ke8 47. c5 Kd8 48. c6 1-0

[Event "Manavgat Turkey Cup"]
[Site "Manavgat"]
[Date "2015.02.03"]
[Round "5"]
[White "Oztekin, Kerem Can"]
[Black "Tutu, Huseyin"]
[Result "1/2-1/2"]
[WhiteElo "1835"]
[BlackElo "1591"]
[PlyCount "45"]
[EventDate "2015.01.31"]
[EventType "swiss"]
[EventRounds "11"]
[EventCountry "TUR"]
[SourceTitle "CBM 164 Extra"]
[Source "ChessBase"]
[SourceDate "2015.03.02"]
[SourceVersion "1"]
[SourceVersionDate "2015.03.02"]
[SourceQuality "1"]

1. e4 c6 2. d4 d5 3. exd5 cxd5 4. c4 Nf6 5. Nc3 dxc4 6. Bxc4 Qc7 7. Bb3 e6 8. Nf3 Bb4 9. Bd2 g6 10. 0-0 0-0 11. Rc1 Nc6 12. Bg5 Be7 13. Ne5 Bd7 14. Re1 Rac8 15. Qd3 Qd6 16. Rcd1 b5 17. Qh3 Nd5 18. Ne4 Qc7 19. Rc1 Bxg5 20. Nxg5 h6 21. Bxd5 exd5 22. Nxd7 Qxd7 23. Nf3 1/2-1/2